Normal view
MARC view
- التدريس-الكتابة-اللغة العربية-طرق التعليم-وسائل التدريس
Entry Topical Term
001 - CONTROL NUMBER
- control field: 22149
003 - CONTROL NUMBER IDENTIFIER
- control field: JO-AjAnu
005 - DATE AND TIME OF LATEST TRANSACTION
- control field: 20230606073828.0
008 - FIXED-LENGTH DATA ELEMENTS
- fixed length control field: 230606|| aca||aabn | a|a d
040 ## - CATALOGING SOURCE
- Original cataloging agency: JO-AjAnu
- Transcribing agency: JO-AjAnu
150 ## - HEADING--TOPICAL TERM
- Topical term or geographic name entry element: التدريس-الكتابة-اللغة العربية-طرق التعليم-وسائل التدريس
670 ## - SOURCE DATA FOUND
- Source citation: Work cat.: (JO-AjAnu)11383: علي الهاشمي، عبد الرحمن عبد, author 22148, التعبيرفلسفته-واقعه-تدريسه-أساليب تصحيحه